000
00208nam a22000857a 4500
008
170228b xxu||||| |||| 00| 0 eng d
100
_9
2963
_a
Wason.V
245
_a
Accundancy XII
260
_a
New Delhi
_b
S.Chand
_c
1012
999
_c
6207
_d
6207